|
|
|
|
| LEADER |
00000nab a2200000 ar4500 |
| 001 |
vtls010190935 |
| 003 |
SK-MaSNL |
| 005 |
20260305041124.0 |
| 008 |
101122c2010 xo qr|p|||||||000 b|slo |
| 038 |
|
|
|a RVGKPD
|
| 040 |
|
|
|a RVGKPD
|b slo
|c RVGKPD
|e AACR2
|
| 041 |
|
|
|a slo
|
| 044 |
|
|
|a xo
|c SK
|
| 080 |
|
|
|a 342.573
|x (437.6)
|2 1997
|
| 245 |
0 |
0 |
|a Výsledky hlasovania v referende za obec Gemerská Poloma 18.09.2010
|
| 650 |
0 |
7 |
|a referendum
|y 2010
|z Slovensko
|2 rvgkpd
|9 1112050
|
| 651 |
|
7 |
|a Gemerská Poloma (Slovensko)
|2 rvgkpd
|9 29357
|
| 651 |
|
7 |
|a Rožňava (Slovensko : okres)
|2 rvgkpd
|9 19215
|
| 773 |
0 |
|
|t Polomské noviny
|g Roč. XV, č. 3 (október 2010), s. 5
|
| 852 |
|
|
|a RVGKPD
|b KIS3G
|
| 992 |
|
|
|a RBX
|
| 999 |
|
|
|c 3342223
|d 3344153
|